Денежные знаки необязательного обращения. Кн. 1: Северо-Западный Федеральный округ (Запись № 13700008)

Подробности
000 -МАРКЕР
контрольное поле 01416nam2a2200253 4500
001 - ИДЕНТИФИКАТОР ЗАПИСИ
контрольное поле RU\NLR\BIBL_A\022793316
005 - ИДЕНТИФИКАТОР ВЕРСИИ
контрольное поле 20260503064500.0
010 ## - МЕЖДУНАРОДНЫЙ СТАНДАРТНЫЙ НОМЕР КНИГИ (ISBN)
Номер (ISBN) 978-5-9904272-1-1
035 ## - ДРУГИЕ СИСТЕМНЫЕ НОМЕРА
Идентификатор записи (NLR Aleph) 022793316
100 ## - ДАННЫЕ ОБЩЕЙ ОБРАБОТКИ
Данные общей обработки 20260423d2026 u y0rusy50 ca
101 0# - ЯЗЫК РЕСУРСА
Язык текста, звукозаписи и т.д. русский
102 ## - СТРАНА ПУБЛИКАЦИИ ИЛИ ПРОИЗВОДСТВА
Страна публикации Российская Федерация
105 ## - ПОЛЕ КОДИРОВАННЫХ ДАННЫХ: ТЕКСТОВЫЕ МАТЕРИАЛЫ, МОНОГРАФИЧЕСКИЕ
Кодированные данные о монографическом текстовом документе ah f 000yy
200 1# - ЗАГЛАВИЕ И СВЕДЕНИЯ ОБ ОТВЕТСТВЕННОСТИ
Основное заглавие Северо-Западный Федеральный округ
Наименование части Санкт-Петербург и Ленинградская область
Обозначение и номер части Ч. 1
210 ## - ПУБЛИКАЦИЯ, РАСПРОСТРАНЕНИЕ И ДР.
Дата издания, распространения и т.д. 2026
215 ## - ФИЗИЧЕСКАЯ ХАРАКТЕРИСТИКА
Специфическое обозначение материала и объем 307 с.
Другие сведения о физической характеристике ил., цв. ил., факс.
320 ## - ПРИМЕЧАНИЯ О НАЛИЧИИ В ДОКУМЕНТЕ БИБЛИОГРАФИИ / УКАЗАТЕЛЯ
Текст примечания Библиогр.: с. 302–304 (84 назв.)
320 ## - ПРИМЕЧАНИЯ О НАЛИЧИИ В ДОКУМЕНТЕ БИБЛИОГРАФИИ / УКАЗАТЕЛЯ
Текст примечания Другие кн. авт. в конце кн.
461 #0 - УРОВЕНЬ НАБОРА
Встроенное поле 001RU\NLR\BIBL_A\022794764
-- 2001#$aДенежные знаки необязательного обращения$eэнциклопедия$fИванов П. В., Белявцев А. И.$vКн. 1
-- 700#1$aИванов$bП. В.$f1968-$gПавел Викторович
Системный номер (АБИС) связанной записи 13700009
Автор Иванов, П. В. (1968-)
Место публикации Санкт-Петербург
Дата публикации 2026-
Издание Изд. 2-е, перераб. и доп.
Первые сведения об ответственности Иванов П. В., Белявцев А. И.
Имя издателя, распространителя и т.д. Типография Михаила Фурсова
Сведения, относящиеся к заглавию энциклопедия
Заглавие Денежные знаки необязательного обращения
Номер тома Кн. 1
942 ## - ДОПОЛНИТЕЛЬНЫЕ ЭЛЕМЕНТЫ ЗАПИСИ (АБИС)
Тип экземпляра АБИС Книга
980 ## - КОЛЛЕКЦИЯ
Название коллекции Национальная библиография

Нет доступных экземпляров.